39 бессемеровских плавок за смену (Запись № 7577568)

Подробности
000 -МАРКЕР
контрольное поле 02187nam0a22003371 4500
001 - ИДЕНТИФИКАТОР ЗАПИСИ
контрольное поле rc\2808188
005 - ИДЕНТИФИКАТОР ВЕРСИИ
контрольное поле 20250529181055.0
035 ## - ДРУГИЕ СИСТЕМНЫЕ НОМЕРА
Идентификатор записи (NLR Aleph) 006934070
100 ## - ДАННЫЕ ОБЩЕЙ ОБРАБОТКИ
Данные общей обработки 20110915d1936 |||y0rusy50 ca
101 0# - ЯЗЫК РЕСУРСА
Язык текста, звукозаписи и т.д. русский
102 ## - СТРАНА ПУБЛИКАЦИИ ИЛИ ПРОИЗВОДСТВА
Страна публикации Российская Федерация
105 ## - ПОЛЕ КОДИРОВАННЫХ ДАННЫХ: ТЕКСТОВЫЕ МАТЕРИАЛЫ, МОНОГРАФИЧЕСКИЕ
Кодированные данные о монографическом текстовом документе a z |||||
200 1# - ЗАГЛАВИЕ И СВЕДЕНИЯ ОБ ОТВЕТСТВЕННОСТИ
Основное заглавие 39 бессемеровских плавок за смену
Первые сведения об ответственности В составлении материала принимали участие: нач. смены инж. Ю. Г. Зеленченок, мастер цеха - техник И. А. Задависвичко, мастер канавы Б. М. Боголепов
Последующие сведения об ответственности Подготовил материал к печати инж. Э. С. Духан
-- Отв. ред. - зам. тех. директора Завода В. Котельников
210 ## - ПУБЛИКАЦИЯ, РАСПРОСТРАНЕНИЕ И ДР.
Место издания, распространения и т.д. Харьков
-- Днепропетровск
Имя издателя, распространителя и т. д. Гос. научно-техническое изд-во Украины
Дата издания, распространения и т.д. 1936
215 ## - ФИЗИЧЕСКАЯ ХАРАКТЕРИСТИКА
Специфическое обозначение материала и объем Обл., 28 с.
Другие сведения о физической характеристике ил.
Размеры 17х13 см.
225 1# - СЕРИЯ
Основное заглавие серии Библиотека стахановца
Сведения об ответственности Тех. кабинет Отдела тех. учебы и Бюро ИТС Завода им. Петровского
300 ## - ОБЩИЕ ПРИМЕЧАНИЯ
Текст примечания "В составлении материала принимали участие: нач. смены инж. Ю. Г. Зеленченок. Мастер цеха - техник И. А. Задависвичко, мастер канавы Б. М. Боголепов. Подготовил материал к печати инж. Э. С. Духан" (с. 2)
327 0# - ПРИМЕЧАНИЯ О СОДЕРЖАНИИ
Текст примечания Предисл.: Бирман: "Браво, товарищи бессемеровцы!" (с. 11-13)
464 #0 - АНАЛИТИЧЕСКИЙ УРОВЕНЬ
Встроенное поле 2000#$aБраво, товарищи бессемеровцы!$fБирман
Заглавие Браво, товарищи бессемеровцы!
702 #1 - ИМЯ ЛИЦА - ВТОРИЧНАЯ ОТВЕТСТВЕННОСТЬ
Начальный элемент ввода Боголепов
Часть имени, кроме начального элемента ввода Б.М.
Код отношения Прочие
702 #1 - ИМЯ ЛИЦА - ВТОРИЧНАЯ ОТВЕТСТВЕННОСТЬ
Начальный элемент ввода Духан
Часть имени, кроме начального элемента ввода Э.С.
Код отношения Прочие
702 #1 - ИМЯ ЛИЦА - ВТОРИЧНАЯ ОТВЕТСТВЕННОСТЬ
Начальный элемент ввода Задависвичко
Часть имени, кроме начального элемента ввода И.А.
Код отношения Прочие
702 #1 - ИМЯ ЛИЦА - ВТОРИЧНАЯ ОТВЕТСТВЕННОСТЬ
Начальный элемент ввода Зеленченок
Часть имени, кроме начального элемента ввода Ю.Г.
Код отношения Прочие
702 #1 - ИМЯ ЛИЦА - ВТОРИЧНАЯ ОТВЕТСТВЕННОСТЬ
Начальный элемент ввода Котельников
Часть имени, кроме начального элемента ввода В.
Код отношения Редактор
801 #0 - ИСТОЧНИК ЗАПИСИ
Страна Российская Федерация
Организация NLR
Правила каталогизации psbo
801 #1 - ИСТОЧНИК ЗАПИСИ
Страна Российская Федерация
Организация ELAR
Источник данных rusmarc
852 ## - МЕСТОНАХОЖДЕНИЕ И ШИФР ХРАНЕНИЯ
Идентификатор организации NLR
Шифр хранения (Call Number) 36-9/490
942 ## - ДОПОЛНИТЕЛЬНЫЕ ЭЛЕМЕНТЫ ЗАПИСИ (АБИС)
Тип экземпляра АБИС Книга
980 ## - КОЛЛЕКЦИЯ
Название коллекции Национальная библиография
Экземпляры
Тип экземпляра Дата поступления Библиотека постоянного хранения Библиотека текущего хранения Место хранения Шифр хранения Штрих-код Статус экземпляра
Книга 26.10.2013 РНБ (Садовая) РНБ (Садовая) Русский книжный фонд -Главное здание, Ленинский читальный зал 36-9/490 6934070-10